| 000 | 00615nam a22002177a 4500 | ||
|---|---|---|---|
| 005 | 20170124105933.0 | ||
| 010 | _aA-351394 | ||
| 020 | _c00.00 | ||
| 035 | _aA-351394 | ||
| 037 | _bCen Lib/Ret | ||
| 040 |
_aDPL _bEN |
||
| 082 |
_a301.153 _bHOL |
||
| 100 |
_aHolmes, J.H. _98860 |
||
| 245 |
_aGandhi and non-violence / _cby J.H. Holmes |
||
| 260 |
_aDelhi _bakashdeep publishing house _c1988 |
||
| 270 |
_bDelhi _aHN-1/7A, new govindpuri rextention |
||
| 300 |
_a186p. _c21cm(Hb) |
||
| 650 |
_aPolitics _96612 |
||
| 650 |
_aPolitician leader _zIndia _98861 |
||
| 942 |
_2ddc _cEN _h301.153 _mHOL |
||
| 999 |
_c124001 _d124001 |
||